书目信息 |
| 题名: |
土木工程材料
|
|
| 作者: | 严捍东 主编 | |
| 分册: | ||
| 出版信息: | 上海 同济大学出版社 2017 |
|
| 页数: | 378页 | |
| 开本: | 26cm | |
| 丛书名: | 百校土木工程专业“十二五”规划教材 | |
| 单 册: | ||
| 中图分类: | TU5 | |
| 科图分类: | ||
| 主题词: | 土木工程--tu mu gong cheng--建筑材料--高等学校--教材 | |
| 电子资源: | ||
| ISBN: | 978-7-5608-5576-9 | |
| 000 | 01099nam 2200289 45 | |
| 001 | 012001003007 | |
| 005 | 20191204104559.25 | |
| 010 | @a978-7-5608-5576-9@dCNY49.00 | |
| 099 | @aCAL 012014151683 | |
| 100 | @a20141030d2014 em y0chiy0121 ea | |
| 101 | 0 | @achi |
| 102 | @aCN@b310000 | |
| 105 | @aak a 000yy | |
| 106 | @ar | |
| 200 | 1 | @a土木工程材料@ATu Mu Gong Cheng Cai Liao@f主编严捍东 |
| 205 | @a第2版 | |
| 210 | @a上海@c同济大学出版社@d2017 | |
| 215 | @a378页@c图@d26cm | |
| 225 | 2 | @a百校土木工程专业“十二五”规划教材@Abai xiao tu mu gong cheng zhuan ye “shi er wu ”gui hua jiao cai |
| 320 | @a有书目 (第378页) | |
| 330 | @a全书共13章, 包括绪论、土木工程材料基本性质、无机气硬性胶凝材料、水泥、混凝土、砂浆、建筑钢材、围护结构材料、防水材料、沥青混合料、建筑用工程塑料制品、建筑装饰材料、土木工程材料试验指导。 | |
| 410 | 0 | @12001@@a百校土木工程专业“十二五”规划教材 |
| 606 | 0 | @a土木工程@Atu mu gong cheng@x建筑材料@x高等学校@j教材 |
| 690 | @aTU5@v5 | |
| 701 | 0 | @a严捍东@Ayan han dong@4主编 |
| 801 | 2 | @aCN@b北京卓展@c20191020 |
| 905 | @b1210060-3@dTU5@e1532=2@f4 | |
| 土木工程材料/主编严捍东.-第2版.-上海:同济大学出版社,2017 |
| 378页:图;26cm.-(百校土木工程专业“十二五”规划教材) |
| ISBN 978-7-5608-5576-9:CNY49.00 |
| 全书共13章, 包括绪论、土木工程材料基本性质、无机气硬性胶凝材料、水泥、混凝土、砂浆、建筑钢材、围护结构材料、防水材料、沥青混合料、建筑用工程塑料制品、建筑装饰材料、土木工程材料试验指导。 |
| ● |
| 相关链接 |
|
|
|
|
正题名:土木工程材料
索取号:TU5/1532=2
 
预约/预借
| 序号 | 登录号 | 条形码 | 馆藏地/架位号 | 状态 | 备注 |
| 1 | 1210060 | 212100607 | 第二样本阅览室/ [索取号:TU5/1532=2] | 在馆 | |
| 2 | 1210061 | 212100616 | 第三借阅区/ [索取号:TU5/1532=2] | 在馆 | |
| 3 | 1210062 | 212100625 | 第三借阅区/ [索取号:TU5/1532=2] | 在馆 | |
| 4 | 1210063 | 212100634 | 第三借阅区/ [索取号:TU5/1532=2] | 在馆 |